000 00597nam a2200217 i 4500
001 C2-0163573
003 PPAK
005 20180727133103.0
008 980530s1975 my |||| ||||| | eng d
040 _aPPAK
_beng
_cPPAK
_erda
082 0 4 _a181
_223
090 0 0 _a181
_bQUI
_dKIH
100 1 _aQuito, S.,
_cProfessor Emerita
_eauthor
245 1 0 _aOriental roots of occidental philosophy
264 1 _aKuala Lumpur :
_bASAIHL ,
_c1975
300 _aviii, 56 pages ;
_c25 cm
336 _2rdacontent
_atext
337 _2rdamedia
_aunmediated
338 _2rdacarrier
_avolume
942 _ddc
_cB
999 _c48856
_d48856